Vollständige Erläuterung der Güldenen Bulle Band 1 1. Theil

Bibliographic Details
Main Author: Ludewig, Johann Peter von 1670-1743 (Author)
Other Authors: Hattenhauer, Hans (Author of introduction, etc., Editor)
Format: Book
Language:German
PhysicalDescription:xxiv, 921 s. 25 cm
Published: Hildesheim Olms-Weidmann 2005
ISBN:3487127725
ISSN:1430-8320
Series:Historia scientiarum. Fachgebiet Geschichte und Politik
Subjects:

MARC

LEADER 00000nam a2200000 a 4500
001 vtls008294859
003 SK-MaSNL
005 20260302074139.0
008 240315s2005 gw h g 001 0 ger
020 |a 3487127725  |q (viaz.) 
040 |a SNK  |b slo  |c SNK  |e AACR2 
041 0 |a ger 
043 |a e-gx--- 
044 |a gw  |a sz  |a nju  |c DE  |c CH  |c US 
072 7 |a 342  |x Ústavné právo. Správne právo  |2 konspekt 
080 |a 342.4/.5"1356"  |2 MDT-MRF 
080 |a (430)  |2 MDT-MRF 
080 |a (0:82-9)  |2 MDT-MRF 
100 1 |a Ludewig, Johann Peter von  |d 1670-1743  |4 aut  |9 468918 
245 1 0 |a Vollständige Erläuterung der Güldenen Bulle  |c Johann Peter Ludewig ; mit einer Einleitung herausgegeben von Hans Hattenhauer  |n Band 1  |n 1. Theil 
260 |a Hildesheim  |b Olms-Weidmann  |c 2005 
300 |a xxiv, 921 s.  |c 25 cm 
490 1 |a Historia scientiarum. Fachgebiet Geschichte und Politik  |x 1430-8320 
500 |a Text v švabachu 
518 |a Faksimile vyd. Frankfurt, Leipzig, Trier 1752 
600 1 7 |a Ludewig, Johann Peter von  |d 1670-1743  |2 SNKPH  |9 468918 
600 0 7 |a Karol  |b IV.,  |c český kráľ a rímsky cisár,  |d 1316-1378  |t Aurea bulla  |9 193029 
630 0 7 |a Zlatá bula Karola IV., 1356  |2 SNKPH  |9 200948 
650 0 7 |a zákony  |z Svätá říša rímska  |2 SNKPH  |9 468919 
655 7 |a texty  |2 SNKPH  |9 70511 
700 1 |a Hattenhauer, Hans  |4 aui  |4 edt  |9 304584 
830 0 |a Historia scientiarum. Fachgebiet Geschichte und Politik  |9 300536 
919 |a 3-487-12772-5 
999 |c 1163871  |d 1165801 
952 |a SNK  |b SNK  |y VYP  |7 0  |p 17A0484877  |o snkIC 132556/1/1  |i snk2005/16859  |8 2  |g 289.65  |0 0  |1 0  |4 0  |d 2005-08-18  |l 0  |r 2026-02-24 20:41:24  |w 2026-02-24